|
|
|
|
| LEADER |
00000nam0a2200000 4500 |
| 001 |
59173 |
| 005 |
20231101211806.0 |
| 035 |
|
|
|a (RuTPU)RU\TPU\book\62544
|
| 090 |
|
|
|a 59173
|
| 100 |
|
|
|a 20031222d1987 k y0rusy50 ca
|
| 101 |
0 |
|
|a rus
|
| 102 |
|
|
|a RU
|
| 105 |
|
|
|a a z 001zy
|
| 200 |
1 |
|
|a Робототехника и гибкие производственные системы
|f Е. П. Попов
|
| 210 |
|
|
|a Москва
|c Наука
|d 1987
|
| 215 |
|
|
|a 192 с.
|c ил.
|
| 225 |
1 |
|
|a Проблемы науки и технического прогресса: ПНТП
|
| 320 |
|
|
|a Библиогр.: с. 189-191.
|
| 606 |
1 |
|
|a Робототехника
|2 stltpush
|3 (RuTPU)RU\TPU\subj\25261
|9 49463
|
| 606 |
1 |
|
|a Гибкие производственные системы
|2 stltpush
|3 (RuTPU)RU\TPU\subj\6412
|9 34297
|
| 610 |
1 |
|
|a робототехнические системы
|
| 610 |
1 |
|
|a гибкое производство
|
| 610 |
1 |
|
|a промышленные роботы
|
| 610 |
1 |
|
|a автоматизация
|
| 675 |
|
|
|a 621.865.8
|v 3
|
| 675 |
|
|
|a 658.52.011.56.012.3
|v 3
|
| 700 |
|
1 |
|a Попов
|b Е. П.
|g Евгений Павлович
|
| 801 |
|
1 |
|a RU
|b 63413507
|c 20031222
|g PSBO
|
| 801 |
|
2 |
|a RU
|b 63413507
|c 20201028
|g PSBO
|
| 900 |
|
|
|a Средства автоматизации гибких автоматизированных систем
|
| 942 |
|
|
|c BK
|